000 00542nam a2200181Ia 4500
008 151018s9999 xx 000 0 und d
082 _bRBASDV25672
_a891.463
100 _aसंजय सोनवणी
245 _aरक्तराग
250 _b2
260 _bपुष्प प्रकाशन पुणे
_c1994
300 _a142
600 _aसंजय सोनवणी
630 _aरक्तराग
700 _aसंजय सोनवणी
730 _aरक्तराग
942 _cBOOK
999 _c1025284
_d1025281